Kaleidoscope - Chappell Roan (All Lyrics) - Statistics

General Stats
  • This quiz has been taken 68 times
  • The average score is 211 of 248
Answer Stats
Lyrics % Correct
a
100%
"A"
100%
A
100%
I
100%
is
100%
The
100%
the
100%
you
100%
you,
100%
be
97%
it
97%
kaleidoscope;
97%
kaleidoscope
97%
love
97%
your
97%
And
93%
and
93%
go
93%
to
93%
way
93%
all
90%
could
90%
could,
90%
ever
90%
in
90%
never
90%
that
90%
we
90%
who
90%
again,
86%
But
86%
change,
86%
change
86%
Every
86%
how
86%
I'l
86%
just
86%
letter
86%
write
86%
back
83%
being
83%
color
83%
cursive
83%
day,
83%
for
83%
friends
83%
Here
83%
If
83%
if
83%
I'll
83%
it's
83%
It's
83%
know
83%
mind,
83%
name,
83%
on
83%
shape
83%
well,
83%
works,
83%
better
79%
cross
79%
didn't
79%
even
79%
fine
79%
has
79%
it'll
79%
line
79%
make
79%
no
79%
of
79%
pretend
79%
same
79%
see
79%
since
79%
song
79%
stay
79%
them
79%
beautiful
76%
changed
76%
everything
76%
find
76%
somehow
76%
someone
76%
try
76%
understand
76%
will
76%
colors
72%
guess
72%
leave,
72%
one
72%
Put
72%
rainbow,
72%
sing
72%
tune
72%
else
69%
eye
69%
left
69%
only
69%
right,
69%
There's
69%
words
69%
afraid
66%
don't
66%
down,
66%
really
66%
shinin'
66%
take
66%
time
66%
upside
66%
close
62%
hold
62%
wanna
62%
may
59%
Turn
59%
decide,
55%
Whatever
55%
alone,
52%
Whenever
48%
No matching quizzes found
Score Distribution
Percent of People with Each Score
Percentile by Number Answered
Your Score History
You have not taken this quiz